Avatar: the last airbender Quiz - Statistics

General Stats
  • This quiz has been taken 344 times
    328 since last reset
  • The average score is 20 of 30
Answer Stats
Question Answer % Correct
Who was the Avatar before Aang? Roku
97%
How many years was Aang frozen in the iceberg? 100
88%
Who taught Aang earthbending? Toph
88%
Who taught Aang firebending? Zuko
87%
How old was Aang when he learned he was the Avatar? 12
85%
Which type of creature is Momo? Lemur
83%
Who taught Aang waterbending? Katara
82%
Which kind of bending did Toph discover? Metal
82%
How many identical sisters does Ty Lee have? 6
81%
Which American television network originally aired Avatar: The Last Airbender? Nickelodeon
80%
Who is the leader of the Kyoshi Warriors? Suki
80%
Which air temple is Aang from? The Southern
80%
Who is the leader of the Freedom Fighters? Jet
77%
Which fire lord initiated the Hundred Year War? Sozin
73%
Which real-life fighting style inspired waterbending? Tai chi
73%
Which alias does Toph go by in the underground earthbending tournament? The Blind Bandit
73%
Which sequel series to Avatar: The Last Airbender premiered in 2012? The legend of Korra
72%
Which spirit is known as The Face Stealer? Koh
66%
Which spirit does Katara disguise herself as in order to help a Fire Nation village? The Painted Lady
65%
Which nickname was given to Iroh? The Dragon of the West
64%
Who taught Katara waterbending? Pakku
62%
Which airbending technique did Aang invent? Air scooter
56%
Which rare ability temporarily disables a bender's abilities? Chi blocking
53%
Who first taught Toph earthbending? Badgermoles
52%
Which tea shop did Iroh open in the Upper Ring of Ba Sing Se? The Jasmine Dragon
52%
Which creature lives in the waters around Kyoshi Island? The Unagi
48%
Which group killed Katara and Sokka's mother? The Southern raiders
46%
Which name does Zuko go by when he is exiled to the Earth Kingdom? Hong Li
39%
Which ancient dragons do the the Sun Warriors revere as the original firebending masters? Ran and Shaw
27%
Who directed the 2010 live action film The Last Airbender? Shyamalan
17%
No matching quizzes found
Score Distribution
Percent of People with Each Score
Percentile by Number Answered
Your Score History
You have not taken this quiz since the last reset